000 00590nam a2200181 i 4500
001 38791
003 ES-MaACL
005 20231218195701.0
007 t|
008 030226q1988 sp |||| |bspa d
245 0 0 _aClara Campoamor
_b: I Centenario de su nacimiento : biografía /
_c[Fundación Clara Campoamor].
260 _a[Madrid :
_bAyuntamiento, Junta Municipal de Latina,
_c1988?]
300 _a8 p. ;
_c22 cm.
600 1 4 _aCampoamor, Clara,
_d1888-1972
_934230
710 2 _aFundación Clara Campoamor
_94253
852 _aES-MaACL
_j2143-F-5
999 _c38791
_d38791